000 00512nam a2200157 i 4500
001 141933
003 ES-MaACL
007 t|
008 071001s1949 sp ||||1| spa d
100 1 _aViolant i Simorra, Ramon.
_9115413
245 1 3 _aEl Pirineo español
_b: vida, usos, costumbres, creencias y tradiciones /
_cpor Ramón Violant Simorra.
260 _aMadrid :
_bPlus Ultra,
_c[1949]
300 _a675 p. ;
_c25 cm.
651 4 _aPirineos-
_xUsos y costumbres.
_99234
852 _aES-MaACL
_jE-2339
_bR.29311
999 _c141933
_d141933